Trump y el barril de Dig̤enes

Detalles Bibliográficos
Formato: eBook
Lenguaje:español
Publicado: Cha̕: Universidad de La Sabana, 2017
Materias:
Acceso en línea:Acceso restringido

MARC

LEADER 00000nam a22000007a 4500
005 20190810163634.0
007 cr|||| |||
008 190810s2017 co |||||s|||| 00||0 spa d
020 |a 978-958-12-0437-3 
035 |a 23898 
040 |a vLex 
090 |c 9151  |d 9151 
245 0 0 |a Trump y el barril de Dig̤enes  |h [Recurso electrn̤ico] / 
256 |a Servicio en ln̕ea 
260 |a Cha̕:  |b Universidad de La Sabana,  |c 2017 
300 |a 1 recurso electrn̤ico 
500 |a Amřica en crisis y la crisis de la modernidad. 
506 1 |a Disponible solo en los productos indicados  |d vLex Global  |d vLex Global (Academic Edition, excluding Law Schools)  |d vLex Global (U.S. Academic Edition, Law Schools)  |d vLex Global (U.S. Academic Edition, excluding Law Schools)  |d vLex Global (Academic Edition, Law Schools) 
650 0 4 |a Derecho Constitucional  |z Colombia 
650 0 4 |a Derecho Internacional  |z Colombia 
650 0 4 |a Derecho Militar  |z Colombia 
740 0 |a vLex Libros (Servicio en ln̕ea) 
856 4 0 |u http://vlex.com/source/trump-barril-diogenes-23898  |z Acceso restringido 
942 |c BOOK 
999 0 |a Constitutional Law 
999 0 |a International Law 
999 0 |a Military Law